000 00684nam a2200181 a 4500
001 000016527
005 20200929164926.0
008 100308s1979 dr a 000 0 spa d
040 _aDO-SdBNP
_bspa
_cBNPHU
082 _axxx
_bP438c
100 1 _aPérez de Incháustegui, Josefina
_936770
245 1 0 _aContribuciones en microbiología aplicada /
_cJosefina Pérez de Incháustegui.
260 _aSanto Domingo :
_bDirección de Investigación Científicas
_bUniversidad Autónoma de Santo Domingo,
_c1979.
300 _a147 p. :
_bil. ;
_c24 cm.
500 _aIncluye datos biográficos del autor en la contraportada
504 _aIncluye referencias bibliográficas
049 _aBNPD
999 _c16061
_d16061